000
00326nam a2200133Ia 4500
008
240624s9999 xx 000 0 und d
041
_a
eng
082
_a
336.2 SIN
100
_a
SINGHANIA VINOD K
245
_a
DIRECT TAXES READY RECKONER
260
_c
1906
_a
New Delhi
_b
Taxmann
300
_a
595 : p. : cm. ; 24
365
_c
RS
999
_c
2580
_d
2580